00209nam a2200085Ia 450000100070000000500170000700800410002424500350006526000230010093902220250826215136.0250824s9999 xx 000 0 und d 0aKELEBEK VADİSİcYUSUF ASAL bAKVARYUM YAYINLARI